00341nam a2200121Ia 4500008004000000020001800040082001600058100001700074245005700091260005100148300000800199650001200207210210b1995 xxu||||| |||| 00| 0 eng d a81 206 1034 2 a954.87 HENT aHENTY (G A). aTiger of Mysore a story of the war with Tippoo saib. aNew Delhi.bAsian Educational Services.,c1995 a368 aTippu